Comuni della Provincia autonoma di Trento - Statistics

Statistiche generali
  • Questo quiz è stato fatto 90 volte
    21 dall'ultimo reset
  • Il punteggio medio è 48 su 166
Statistiche sulle risposte
Comune % Corretto
Trento
100%
Riva del Garda
81%
Andalo
69%
Rovereto
69%
Ala
63%
Arco
63%
Cles
63%
Dro
63%
Avio
56%
Caldonazzo
56%
Mezzocorona
56%
Mezzolombardo
56%
Pergine Valsugana
56%
Borgo Valsugana
50%
Brentonico
50%
Comano Terme
50%
Folgaria
50%
Lavarone
50%
Aldeno
44%
Besenello
44%
Cavalese
44%
Cavedine
44%
Drena
44%
Lavis
44%
Ledro
44%
Levico Terme
44%
Luserna
44%
Nago-Torbole
44%
Pinzolo
44%
Predazzo
44%
Tione di Trento
44%
Albiano
38%
Bleggio Superiore
38%
Bondone
38%
Caderzone Terme
38%
Cis
38%
Civezzano
38%
Fai della Paganella
38%
Malé
38%
Moena
38%
Molveno
38%
Mori
38%
San Michele all'Adige
38%
Stenico
38%
Storo
38%
Tenno
38%
Valdaone
38%
Baselga di Piné
31%
Borgo Chiese
31%
Borgo d'Anaunia
31%
Calceranica al Lago
31%
Caldes
31%
Canazei
31%
Carisolo
31%
Castel Condino
31%
Castello-Molina di Fiemme
31%
Cavedago
31%
Denno
31%
Fiavé
31%
Giovo
31%
Giustino
31%
Madruzzo
31%
Massimeno
31%
Peio
31%
Tesero
31%
Vallelaghi
31%
Altavalle
25%
Altopiano della Vigolana
25%
Bedollo
25%
Bocenago
25%
Bresimo
25%
Campitello di Fassa
25%
Campodenno
25%
Canal San Bovo
25%
Carzano
25%
Castel Ivano
25%
Cavareno
25%
Cimone
25%
Cinte Tesino
25%
Grigno
25%
Mezzano
25%
Nogaredo
25%
Novella
25%
Ossana
25%
Palù del Fersina
25%
Pellizzano
25%
Pelugo
25%
Pieve di Bono-Prezzo
25%
Pieve Tesino
25%
Porte di Rendena
25%
Primiero San Martino di Castrozza
25%
Rabbi
25%
San Lorenzo Dorsino
25%
Ton
25%
Tre Ville
25%
Vermiglio
25%
Villa Lagarina
25%
Ziano di Fiemme
25%
Amblar-Don
19%
Bieno
19%
Borgo Lares
19%
Calliano
19%
Capriana
19%
Castello Tesino
19%
Castelnuovo
19%
Cavizzana
19%
Cembra Lisignago
19%
Commezzadura
19%
Contà
19%
Croviana
19%
Dambel
19%
Dimaro Folgarida
19%
Fierozzo
19%
Fornace
19%
Frassilongo
19%
Garniga Terme
19%
Imer
19%
Isera
19%
Livo
19%
Lona-Lases
19%
Mazzin
19%
Mezzana
19%
Nomi
19%
Novaledo
19%
Ospedaletto
19%
Panchià
19%
Pomarolo
19%
Predaia
19%
Romeno
19%
Roncegno Terme
19%
Ronzo-Chienis
19%
Roveré della Luna
19%
Scurelle
19%
Sella Giudicarie
19%
Spormaggiore
19%
Sporminore
19%
Strembo
19%
Tenna
19%
Volano
19%
Ronchi Valsugana
13%
Ronzone
13%
Ruffré-Mendola
13%
Rumo
13%
Sagron Mis
13%
Samone
13%
San Giovanni di Fassa
13%
Sant'Orsola Terme
13%
Sanzeno
13%
Sarnonico
13%
Segonzano
13%
Sfruz
13%
Soraga di Fassa
13%
Sover
13%
Spiazzo
13%
Telve
13%
Telve di Sopra
13%
Terragnolo
13%
Terre d'Adige
13%
Terzolas
13%
Torcegno
13%
Trambileno
13%
Valfloriana
13%
Vallarsa
13%
Vignola-Falesina
13%
Ville d'Anaunia
13%
Ville di Fiemme
13%
Nessun quiz corrispondente trovato
Distribuzione punteggi
Percentuale di utenti per punteggio
Percentile per numero di risposta
I tuoi punteggi nel tempo
Non hai fatto questo quiz dall'ultimo reset